000 00425nam a2200169Ia 4500
005 20250423095222.0
008 250422s9999 xx 000 0 und d
020 _a978-0-13-801591-6
100 _aBethune James D
245 0 _aEngineering Graphics With Autocad
260 _aNew Jersey
260 _bPeason Ecucation International
260 _c2011
300 _a732 p
650 _aEngineering Graphic
942 _cBK
999 _c29605
_d29605